A text without author: locating Constituent Assembly as event (Record no. 60534)

000 -LEADER
fixed length control field 01228pab a2200169 454500
008 - FIXED-LENGTH DATA ELEMENTS--GENERAL INFORMATION
fixed length control field 180718b2004 xxu||||| |||| 00| 0 eng d
100 ## - MAIN ENTRY--PERSONAL NAME
Personal name Nigam, Aditya
245 ## - TITLE STATEMENT
Title A text without author: locating Constituent Assembly as event
260 ## - PUBLICATION, DISTRIBUTION, ETC.
Date of publication, distribution, etc. 2004
300 ## - PHYSICAL DESCRIPTION
Extent p.2107-113.
362 ## - DATES OF PUBLICATION AND/OR SEQUENTIAL DESIGNATION
Dates of publication and/or sequential designation 22 May
520 ## - SUMMARY, ETC.
Summary, etc. Constitutions are rarely about change; they are codes that legitimise the new dispensation that arises out of historical conflicts and struggles. They provide a quasi-permanent shape to the new regime. In this sense, constitutions are already in existence even before they come to be formally written. The Indian Constitution too can be looked at in a similar light if it is 'disclosed' from the authorised location that brought it into existence, i.e. the constituent assembly. This paper looks at the constituent assembly as an 'even' in the hope of understanding how different currents and polyphonic voices came together in the forming of the conjucture within which the assembly took shape - as demanded by the imperatives of the common territory, tradition and history. - Reproduced.
650 ## - SUBJECT ADDED ENTRY--TOPICAL TERM
Topical term or geographic name entry element India - Constitution
650 ## - SUBJECT ADDED ENTRY--TOPICAL TERM
Topical term or geographic name entry element Constitutions
773 ## - HOST ITEM ENTRY
Main entry heading Economic and Political Weekly
909 ## -
-- 60534
Holdings
Withdrawn status Lost status Damaged status Not for loan Permanent Location Current Location Date acquired Serial Enumeration / chronology Barcode Date last seen Price effective from Koha item type
        Indian Institute of Public Administration Indian Institute of Public Administration 2018-07-19 Volume no: 39, Issue no: 21 AR60980 2018-07-19 2018-07-19 Articles

Powered by Koha